Kinetička arhitektura. Kinetic Architecture : Architectonica Croatica č. 5

Guardado en:
Detalles Bibliográficos
Autor principal: Mutnjakovič, Andrija (Autor)
Formato: Libro
Lenguaje:inglés
Publicado: Zagreb, 1996
Materias:
Etiquetas: Agregar Etiqueta
Sin Etiquetas, Sea el primero en etiquetar este registro!

MARC

LEADER 00000nam a22000003a 4500
001 stu144996
005 20150617225953.8
008 070906s1996------------------------eng-d
020 |a 953-96048-4-2 
040 |a STU  |b slo 
041 0 |a eng 
100 1 |a Mutnjakovič, Andrija  |4 aut 
245 1 |a Kinetička arhitektura. Kinetic Architecture :  |b Architectonica Croatica č. 5 
260 |a Zagreb,  |c 1996 
300 |a 232 s 
650 7 |a architektúra kinetická  |2 stusub 
650 7 |a architektúra-teória  |2 stusub 
996 |b 284AU03578  |c A*5431 U  |l AAKNAR  |s A  |a 24  |w stu144996_0001